The consolidation of democracy in Latin America / (Record no. 5996)
[ view plain ]
| 000 -LEADER | |
|---|---|
| fixed length control field | 01780cam a2200241 a 4500 |
| 005 - DATE AND TIME OF LATEST TRANSACTION | |
| control field | 20260204153202.0 |
| 008 - FIXED-LENGTH DATA ELEMENTS--GENERAL INFORMATION | |
| fixed length control field | 950417s1995 cou b 101 0 eng |
| 020 ## - INTERNATIONAL STANDARD BOOK NUMBER | |
| International Standard Book Number | 1555876072 |
| 040 ## - CATALOGING SOURCE | |
| Original cataloging agency | KABLIB |
| Transcribing agency | KABLIB |
| Modifying agency | DLC |
| Description conventions | rda |
| 082 00 - DEWEY DECIMAL CLASSIFICATION NUMBER | |
| Classification number | 338.98 |
| Edition number | 23 |
| Item number | CON |
| 245 04 - TITLE STATEMENT | |
| Title | The consolidation of democracy in Latin America / |
| Statement of responsibility, etc. | edited by Joseph S. Tulchin with Bernice Romero. |
| 260 ## - PUBLICATION, DISTRIBUTION, ETC. | |
| Place of publication, distribution, etc. | Boulder, Colo. : |
| Name of publisher, distributor, etc. | L. Rienner Publishers, |
| Date of publication, distribution, etc. | c1995. |
| 300 ## - PHYSICAL DESCRIPTION | |
| Extent | x, 177 p. ; |
| Dimensions | 24 cm. |
| 440 #0 - SERIES STATEMENT/ADDED ENTRY--TITLE | |
| Title | Woodrow Wilson Center current studies on Latin America |
| 9 (RLIN) | 15129 |
| 504 ## - BIBLIOGRAPHY, ETC. NOTE | |
| Bibliography, etc. note | Includes bibliographical references (p. 166-170) and index. |
| 520 1# - SUMMARY, ETC. | |
| Summary, etc. | "Series of eight papers on the prospects for consolidated democracy in Latin America prepared in 1993 by the Latin American Program of the Woodrow Wilson International Center in conjunction with the Olof Palme International Foundation. Selected essays focus on: 1) obstacles to the democratization process; 2) the political consequences of economic reform programs; and 3) the external context for democratization. In a perceptive chapter on 'transitology,' Schmitter argues that the increased reliance on multilateral diplomacy and international organizations in the aftermath of the Cold War has brought pressure to bear on the remaining non-democracies and recidivist democracies in the region. Authors express concern about the negative impact of some economic reforms on democratic consolidation"--Handbook of Latin American Studies, v. 57. |
| Uniform Resource Identifier | <a href="http://www.loc.gov/hlas/">http://www.loc.gov/hlas/</a> |
| 650 #0 - SUBJECT ADDED ENTRY--TOPICAL TERM | |
| Topical term or geographic name entry element | Democracy |
| Geographic subdivision | Latin America |
| 9 (RLIN) | 15130 |
| 651 #0 - SUBJECT ADDED ENTRY--GEOGRAPHIC NAME | |
| Geographic name | Latin America |
| General subdivision | Economic policy |
| -- | Congresses. |
| 9 (RLIN) | 15131 |
| 700 1# - ADDED ENTRY--PERSONAL NAME | |
| Personal name | Tulchin, Joseph S, |
| Dates associated with a name | 1939 |
| 9 (RLIN) | 15132 |
| 700 1# - ADDED ENTRY--PERSONAL NAME | |
| Personal name | Romero, Bernice. |
| 9 (RLIN) | 15133 |
| 906 ## - LOCAL DATA ELEMENT F, LDF (RLIN) | |
| a | 7 |
| b | cbc |
| c | orignew |
| d | 1 |
| e | ocip |
| f | 19 |
| g | y-gencatlg |
| 942 ## - ADDED ENTRY ELEMENTS (KOHA) | |
| Source of classification or shelving scheme | Dewey Decimal Classification |
| Koha item type | Book |
| Withdrawn status | Lost status | Source of classification or shelving scheme | Damaged status | Not for loan | Home library | Current library | Shelving location | Date acquired | Source of acquisition | Total Checkouts | Full call number | Barcode | Date last seen | Price effective from | Koha item type |
|---|---|---|---|---|---|---|---|---|---|---|---|---|---|---|---|
| Dewey Decimal Classification | Education Library | Education Library | Open Access Section | 04.02.2026 | Donation | 338.98 CON | 14489 | 04.02.2026 | 04.02.2026 | Book |